| 000 | 00417nam a22001697a 4500 | ||
|---|---|---|---|
| 003 | NUST - PNEC | ||
| 005 | 20170116180916.0 | ||
| 008 | 150818b xxu||||| |||| 00| 0 eng d | ||
| 020 | _a0201526867 | ||
| 040 | _cLIBRARY | ||
| 082 | _a620.3 RAO | ||
| 100 |
_95248 _a Rao, Singiresu S |
||
| 245 |
_aMechanical vibrations _c Singiresu S, Rao |
||
| 250 | _a4th ed | ||
| 650 |
_95249 _aVibration _xME |
||
| 942 |
_2ddc _cBK |
||
| 999 |
_c65470 _d65470 |
||